Frente a la América imperialista, la América de Bolivar (Record no. 41975)

MARC details
000 -LEADER
campo de control de longitud fija 01068nam a2200229 i 4500
001 - NÚMERO DE CONTROL
campo de control 41975
003 - IDENTIFICADOR DE NÚMERO DE CONTROL
campo de control ES-MaACL
005 - FECHA Y HORA DE LA ÚLTIMA TRANSACCIÓN
campo de control 20250831015842.0
007 - CAMPO FIJO DE DESCRIPCIÓN FÍSICA--INFORMACIÓN GENERAL
campo de control de longitud fija t|
008 - DATOS DE LONGITUD FIJA--INFORMACIÓN GENERAL
campo de control de longitud fija 030312s1922 cu ||||1| spa d
100 1# - ENTRADA PRINCIPAL--NOMBRE DE PERSONA
Nombre de persona Carbonell y Rivero, José Manuel.
9 (RLIN) 35072
245 10 - MENCIÓN DEL TÍTULO
Título Frente a la América imperialista, la América de Bolivar
Resto del título : discurso pronunciado en la inauguración del curso académico de 1922-1923 por el Presidente de la Academia Nacional de Artes y Letras /
Mención de responsabilidad, etc. José Manuel Carbonell y Rivero ; Memoria del curso de 1921-1922 por el Secretario... Dr. Ramón A. Catalá.
260 ## - PUBLICACIÓN, DISTRIBUCIÓN, ETC.
Lugar de publicación, distribución, etc. Habana :
Nombre del editor, distribuidor, etc. [s.n.],
Fecha de publicación, distribución, etc. 1922 (
Fabricante Imp. El Siglo XX)
300 ## - DESCRIPCIÓN FÍSICA
Extensión 23 p. ;
Dimensiones 24 cm.
594 ## - Nota al título y mención de responsabilidad
Nota al título y mención de responsabilidad Precede al tít.: Academia Nacional de Artes y Letras [Habana]
651 #4 - PUNTO DE ACCESO ADICIONAL DE MATERIA--NOMBRE GEOGRÁFICO
Nombre geográfico América Latina-
Subdivisión general Relaciones-
Subdivisión geográfica Estados Unidos
9 (RLIN) 7761
651 #4 - PUNTO DE ACCESO ADICIONAL DE MATERIA--NOMBRE GEOGRÁFICO
Nombre geográfico Estados Unidos-
Subdivisión general Relaciones-
Subdivisión geográfica América Latina
9 (RLIN) 8561
700 1# - ENTRADA AGREGADA--NOMBRE PERSONAL
Nombre de persona Catalá, Ramon A.
9 (RLIN) 37005
710 2# - ENTRADA AGREGADA--NOMBRE DE ENTIDAD CORPORATIVA
Nombre de entidad corporativa o nombre de jurisdicción como elemento de entrada Academia Nacional de Artes y Letras (Cuba)
9 (RLIN) 1211
852 ## - LOCALIZACIÓN
Ubicación ES-MaACL
Número de control de estantería 1639-F-17
Holdings
Estatus retirado Estado de pérdida Estado de daño No para préstamo Colección Biblioteca de origen Biblioteca actual Ubicación en estantería Fecha de adquisición Fuente de adquisición Total de préstamos Signatura topográfica completa Código de barras Visto por última vez Precio de reemplazo Tipo de ítem Koha
        Colección de folletos Biblioteca del Ateneo de Madrid Biblioteca del Ateneo de Madrid Depósito folletos 17/01/2008     1639-F-17 1044186 23/02/2023 23/02/2023 Folleto